Európska únia a nová definícia malých a stredných podnikov

Význam definície malého a stredného podnikania. Ukazovatele vplývajúce na potrebu novej definície. Analýza novej definície malého a stredného podnikania. Samostatný podnik, malý podnik, mikro podnik, počet pracovníkov, ročný obrat a bilančná suma.

Salvato in:
Dettagli Bibliografici
Autore principale: Ďuriš, Tomáš
Altri autori: Hudáková, Mária
Natura: Capitolo di libro
Lingua:slovacco
Soggetti:
Tags: Aggiungi Tag
Nessun Tag, puoi essere il primo ad aggiungerne!!

MARC

LEADER 00000naa$a2200000$$$4500
001 0063827
005 20240502071736.4
041 0 |a slo 
044 |a SK 
245 1 0 |a Európska únia a nová definícia malých a stredných podnikov  |c Tomáš Ďuriš, Mária Hudáková 
520 |a Význam definície malého a stredného podnikania. Ukazovatele vplývajúce na potrebu novej definície. Analýza novej definície malého a stredného podnikania. Samostatný podnik, malý podnik, mikro podnik, počet pracovníkov, ročný obrat a bilančná suma. 
610 2 0 |a podnik malý 
610 2 0 |a podnik stredný 
610 2 0 |a Európska únia 
610 2 0 |a počet pracovníkov 
610 2 0 |a ukazovatele finančné 
100 1 |a Ďuriš, Tomáš 
700 1 |a Hudáková, Mária